000 00762nam a2200217 a 4500
003 PILC
005 20150112093431.0
008 100713s19uu xx 00 eng d
020 _a0201513072
050 _aHG 3881
_b.A125 1992
082 _aESF 332.042
_bD87 1993
100 _aDufey, Gunter
_910608
245 _aCases in international finance /
_cGunter Dufey, Ian H. Giddy ; contributions by Edgar Barrett ... [et al.].
250 _a2nd ed.
260 _aReading, Massachusetts :
_bAddison-Wesley Publishing Company,
_c1993.
300 _a337 pages :
_billustration ;
_c24 cm.
650 _aEconomics-International finance -case studies
_910609
650 _a50 case in international finance
_910610
700 _aGiddy, Ian H.
_910611
942 _2lcc
_cBK
999 _c14371
_d14371